000 00632nam a22001937a 4500
003 KOHA_MİRAKIL
005 20260323104029.0
008 260323b tu ||||| |||| 00| 0 tur d
020 _a9786052952450
040 _aTR-AnABB
_btur
_cTR-AnABB
041 _atur
082 _a923.2
_bBOZ 2017
100 1 _aBozkurt, İsmail
245 1 0 _aZirköy'den mermertepe'ye :
_bKıbrıs'ta direniş ve mücahitlik yılları 1 Nisan 1955-1968 baharı /
_cİsmail Bozkurt
260 _aİstanbul :
_bTürkiye İş Bankası ,
_c2017
300 _a656 sayfa ;
_c20 cm
650 0 4 _aOtobiyografi, devlet adamları
942 _2ddc
_cBK
999 _c9992
_d9992
900 _bCan ÇELIK